| 000 | 00869nam a22002417a 4500 | ||
|---|---|---|---|
| 999 |
_c19215 _d19215 |
||
| 003 | AR-CdUCM | ||
| 008 | 190226b ||||| |||| 00| 0 spa d | ||
| 040 |
_aMUNICIPALIDAD PROVINCIAL DEL CUSCO _cBIBLIOTECA MUNICIPAL DEL CUSCO |
||
| 082 |
_a301 / _bH72 |
||
| 100 |
_aHorton, Paul B. _940423 |
||
| 245 | _aIntroducción a la sociología / | ||
| 260 |
_aMexico : _bEl ateneo, _c1973. |
||
| 300 |
_a176 páginas ; _c27 cm. |
||
| 440 |
_aSerie de enseñanza programada ; _922327 |
||
| 505 | _aContenido: La sociología como ciencia -- La cultura -- Personalidad y socialización -- Rol Y status -- Control social y desviación... | ||
| 650 |
_aSociología _9276 |
||
| 650 |
_aCultura _9126 |
||
| 650 |
_aCiencia _92098 |
||
| 700 |
_aHorton, Robert L. _940424 |
||
| 710 |
_aCentro regional de ayuda técnica _910048 |
||
| 942 |
_2ddc _cLIBROS |
||
| 945 |
_aacv _d2019-05-16 |
||